Novísima ley de enjuicimiento civil y mercantil (Record no. 153789)

MARC details
000 -LEADER
campo de control de longitud fija 01011nam a22002175i 4500
001 - NÚMERO DE CONTROL
campo de control 153789
003 - IDENTIFICADOR DE NÚMERO DE CONTROL
campo de control ES-MaACL
005 - FECHA Y HORA DE LA ÚLTIMA TRANSACCIÓN
campo de control 20230906205403.0
008 - DATOS DE LONGITUD FIJA--INFORMACIÓN GENERAL
campo de control de longitud fija 970814s1875 sp |||| | spa d
040 ## - FUENTE DE CATALOGACIÓN
Centro catalogador/agencia de origen CLM
Lengua de catalogación spa
Centro/agencia transcriptor CLM
245 00 - MENCIÓN DEL TÍTULO
Título Novísima ley de enjuicimiento civil y mercantil
Resto del título : anotada y concordada con numerosas disposiciones prácticas, reglas de jurisprudencia y sentencias del Tribunal Supremo : seguida de varios apéndices que contienen la Instrucción para la aplicación de la ley en Cuba y Puerto Rico ...
250 ## - MENCION DE EDICION
Mención de edición 6ª ed.
260 ## - PUBLICACIÓN, DISTRIBUCIÓN, ETC.
Lugar de publicación, distribución, etc. Madrid :
Nombre del editor, distribuidor, etc. [s.n.],
Fecha de publicación, distribución, etc. 1875 (
Fabricante Imprenta de José María Pérez)
300 ## - DESCRIPCIÓN FÍSICA
Extensión XVI, 584 p. ;
Dimensiones 18 cm.
490 1# - MENCIÓN DE SERIE
Mención de serie Biblioteca jurídica de Rómulo Moragas y Droz y Julián María Pardo
700 21 - ENTRADA AGREGADA--NOMBRE PERSONAL
Nombre de persona Moragas y Droz, Rómulo.
9 (RLIN) 130129
700 11 - ENTRADA AGREGADA--NOMBRE PERSONAL
Nombre de persona Pardo, Julián María.
9 (RLIN) 130844
830 0# - PUNTO DE ACCESO ADICIONAL DE SERIE-TÍTULO UNIFORME
Título uniforme Biblioteca jurídica de Rómulo Moragas y Droz y Julián María Pardo
9 (RLIN) 221440
852 ## - LOCALIZACIÓN
Ubicación ES-MaACL
Número de control de estantería D-891
Nota libre -- Enc. pasta
Holdings
Estatus retirado Estado de pérdida Estado de daño No para préstamo Colección Biblioteca de origen Biblioteca actual Ubicación en estantería Fecha de adquisición Fuente de adquisición Total de préstamos Signatura topográfica completa Código de barras Visto por última vez Precio de reemplazo Tipo de ítem Koha
        Libros del s. XIX Biblioteca del Ateneo de Madrid Biblioteca del Ateneo de Madrid Sala Valle Inclán 17/01/2008     D-891 901160786 23/02/2023 23/02/2023 Libro impreso antiguo